The practice of Administrative Law in Nigeria (Record no. 43243)

MARC details
000 -LEADER
fixed length control field 00443nam a2200181Ia 4500
020 ## - INTERNATIONAL STANDARD BOOK NUMBER
ISBN 9583000091
050 ## - CALL MARK
Classification number KP 82 .W5/
100 ## - STATEMENT OF RESPONSIBILITY--MAIN AUTHOR NAME
Personal name Wilson,Nwosu Uchechukwu phd
245 #4 - TITLE STATEMENT
Title The practice of Administrative Law in Nigeria
260 ## - PUBLICATION, DISTRIBUTION, ETC. (IMPRINT)
Place of publication Imo state
260 ## - PUBLICATION, DISTRIBUTION, ETC. (IMPRINT)
Name of publisher Zubic Infinity
260 ## - PUBLICATION, DISTRIBUTION, ETC. (IMPRINT)
Year of publication 2018
300 ## - PHYSICAL DESCRIPTION
Number of Pages 306 p
650 ## - SUBJECT ADDED ENTRY--TOPICAL TERM
Topical Term Imo state
942 ## - ADDED ENTRY ELEMENTS (KOHA)
Koha item type Books
Holdings
Withdrawn status Lost status Source of classification or shelving scheme Damaged status Not for loan Permanent Location Current Location Shelving location Date acquired Accession Number Price effective from Koha item type
    Library of Congress Classification     Law Library Law Library Items on shelf 06/03/2025 0194013 06/03/2025 Books
    Library of Congress Classification     Law Library Law Library Items on shelf 06/03/2025 0194014 06/03/2025 Books